| 000 | 00478nam a22001817a 4500 | ||
|---|---|---|---|
| 003 | LK-CoMWRAF | ||
| 005 | 20231027105009.0 | ||
| 008 | 231027b |||||||| |||| 00| 0 eng d | ||
| 040 |
_aLK-CoMWRAF _dLK-CoMWRAF _eLK-CoMWRAF |
||
| 041 | _aeng | ||
| 082 |
_a297 _bSPU |
||
| 100 | _aSpuler, Bertold | ||
| 245 |
_aThe Muslim world : _bA historical survey : Part 1 |
||
| 260 |
_aLeiden : _bE. J. Brill, _c1960 |
||
| 650 | _aIslam | ||
| 700 |
_aBagley, F. R. C. _etrans. |
||
| 942 | _cBK | ||
| 999 |
_c4018 _d4018 |
||